| 000 | 00445nam a2200169Ia 4500 | ||
|---|---|---|---|
| 003 | SGT | ||
| 020 | _a8174091106 | ||
| 082 |
_a690 _bJHA |
||
| 100 | _aJha,J | ||
| 245 | _aBuilding Construction | ||
| 260 |
_bKhanna Books Publishing Co. Ltd. _aN. Delhi _c2009 |
||
| 300 | _a632p. | ||
| 650 | _aCIVIL ENGINEERING | ||
| 653 | _aPLANNING OF GOOD BUILDING, SITE INVESTIGATION AND BEARING CAPACITY OF SOIL | ||
| 700 | _aSinha,S.K | ||
| 942 |
_2ddc _cBK |
||
| 999 |
_c5238 _d5238 |
||